LoL World Championship - all time players - Statistics

General Stats
  • This quiz has been taken 37 times
  • The average score is 121 of 497
Answer Stats
Years Teams Roles Players % Correct
13, 15, 16, 17, 19, 21, 22, 23, 24, 25 SKT, T1 Mid Faker
100%
18 MAD* Support K
92%
16, 17, 18, 20, 21, 22, 23, 25 SSG, GEN, JDG Bot Ruler
92%
21, 22, 23, 24, 25 T1 Bot Gumayusi
89%
20, 21, 22, 23, 24, 25 DRX, T1 Support Keria
89%
23, 24, 25 BLG Support ON
89%
22, 23, 24, 25 T1, HLE Top Zeus
89%
20, 22, 23, 24, 25 DRX, GEN, HLE, T1 Top Doran
86%
21, 22, 23, 24, 25 T1 Jungle Oner
86%
19, 20, 21, 22, 23, 24 DWG, DK Mid ShowMaker
86%
17 WE Support Ben
83%
20, 23, 24, 25 SN, BLG Top Bin
83%
19, 20, 21, 22, 23, 24, 25 DWG, DK, GEN Jungle Canyon
81%
17, 18, 19, 20, 22, 23, 24, 25 FNC, G2 Mid Caps
81%
19, 20, 21, 22, 23, 24, 25 GRF, DRX, HLE, GEN Mid Chovy
81%
14 EDG Mid U
81%
19, 21, 22, 24, 25 GRF, EDG, HLE Bot Viper
81%
22, 24, 25 DRX, HLE Mid Zeka
81%
15, 16, 17 SKT Bot Bang
78%
16, 17, 20, 22, 23, 24, 25 ROX, SKT, LGD, GEN, HLE Jungle Peanut
78%
17, 20, 21, 23, 25 LZ, GEN, KT Mid Bdd
75%
18, 23, 24, 25 AF, KT, GEN Top Kiin
75%
15, 16, 17 SKT Support Wolf
75%
14, 15, 16, 18, 20, 21, 22, 23 SSB, EDG, KT, DRX, HLE, DK Bot Deft
69%
21 FNC Bot BEAN
67%
17, 20, 21, 23, 24, 25 MSF, RGE, G2 Bot Hans Sama
67%
18, 19, 20, 22, 24, 25 IG, TES Bot JackeyLove
67%
22, 24 DRX, DK Top Kingen
67%
19, 22, 23, 24 GRF, GEN, KT Support Lehends
67%
18, 19, 23 IG, WBG Top TheShy
67%
13, 14, 16, 17, 18, 19 RYL, SHR, RNG Bot Uzi
67%
13, 15, 16 SKT Jungle bengi
64%
19, 20, 21, 22 DWG, DK, DRX Support BeryL
64%
17, 23, 25 LZ, KT Jungle Cuzz
64%
23, 24, 25 GEN, HLE Support Delight
64%
20, 22, 23, 24, 25 TES, JDG, BLG Mid Knight
64%
23, 24 GEN Bot Peyz
64%
20, 22, 23, 24, 25 TSM, G2 Top BrokenBlade
61%
21, 23 T1, DK Top Canna
61%
25 GEN Support Duro
61%
23, 24, 25 BLG Bot Elk
61%
15, 16, 17, 18, 21, 22, 24 EDG, TES Support Meiko
61%
20, 22, 23 DRX, TL Jungle Pyosik
61%
16, 17, 18, 21, 22, 23, 24 EDG, LNG Mid Scout
61%
20, 22, 23, 24, 25 TES, JDG Top 369
58%
18, 19, 20, 21, 24, 25 FNC, FLY Top, Jungle Bwipo
58%
19, 21 FPX Mid Doinb
58%
16, 18, 19, 20, 22 H2K, G2 Jungle Jankos
58%
15 SKT Top MaRin
58%
14, 15, 17, 18, 19, 20 FNC Bot Rekkles
58%
19, 21, 22, 24 FPX, TES Jungle Tian
58%
16, 17, 18, 19, 20, 21, 23, 24 SSG, GEN, TL Support CoreJJ
56%
19, 21, 23, 24 FPX, WBG Support Crisp
56%
16, 17, 18 SSG, GEN Mid Crown
56%
22, 25 DK, KT Bot deokdam
56%
13, 14, 15 SSO, SSW, LGD Bot imp
56%
13, 16, 17, 18, 19, 20, 22, 24 SKT, C9, TL, EG Top Impact
56%
20, 22, 23, 25 JDG, TES Jungle Kanavi
56%
13, 15, 16, 17, 18, 21, 24, 25 GAB, FW, PSG Mid Maple
56%
16, 17, 18, 19, 20, 21 G2, C9 Mid, Bot Perkz
56%
15, 18, 19 IG Mid Rookie
56%
19, 21, 23, 24, 25 GRF, LNG, WBG, AL Jungle Tarzan
56%
16, 18, 19, 20, 22 SPY, G2, FNC Top Wunder
56%
16, 17, 18, 19, 21, 22, 23, 24 RNG, WBG Mid, Top Xiaohu
56%
16, 18 SKT, IG Top Duke
53%
21, 23, 24, 25 MAD, MDK, MKOI Jungle Elyoya
53%
21, 22, 25 EDG, AL Top Flandre
53%
20, 21 DWG, DK Bot Ghost
53%
20, 21, 22, 24, 25 RGE, EG, FLY Jungle Inspired
53%
23, 25 BDS, G2 Support Labrov
53%
16, 19, 20, 23, 24, 25 SPY, G2, FNC Support Mikyx
53%
18, 19 IG Jungle Ning
53%
25 BLG Jungle Shad0w
53%
25 G2 Jungle SkewMond
53%
15, 17, 19 FNC, SKT, CG Top Huni
50%
18, 19, 20, 21, 22, 23 FNC, MAD Support Hylissang
50%
21, 22 EDG Jungle JieJie
50%
17, 19, 21 LZ, SKT, DK Top Khan
50%
17, 19, 22, 23, 24 GAM Jungle Levi
50%
19, 21 FPX Bot Lwx
50%
13, 14, 16, 18, 19 SSO, SSW, RNG, KT, SKT Support Mata
50%
25 KT Support Peter
50%
13 SKT Bot Piglet
50%
24, 25 MDK, MKOI Bot Supa
50%
22, 25 FNC Bot Upset
50%
21, 22, 24 RNG, BLG Jungler Wei
50%
13, 14, 15 FNC, OG Mid xPeke
50%
23, 24 BLG Jungle XUN
50%
21, 23 FNC, BDS Top Adam
47%
18, 19 IG Support Baolan
47%
25 BLG Jungle Beichuan
47%
25 CFO Bot Doggo
47%
22, 25 EG, MKOI Mid jojopyun
47%
19, 20, 21, 22 DWG, FPX, DK Top Nuguri
47%
25 100T Mid Quid
47%
22-, 23, 24, 25 FNC Jungle Razork
47%
16, 17, 18 SSG, GEN Jungle Ambition
44%
25 CFO Mid HongQ
44%
19, 21, 22, 23, 24 SPY, MAD, FNC Mid Humanoid
44%
24 FNC Support Jun
44%
23, 24, 25 FNC Top Oscarinin
44%
25 FNC Mid Poby
44%
13 SKT Support PoohManDu
44%
24, 25 FLY Mid Quad
44%
22 G2 Support Targamas
44%
19 SKT Bot Teddy
44%
13, 14, 15 FNC Support YellOwStaR
44%
23, 24 G2 Jungle Yike
44%
23, 24 KT, DK Bot Aiming
42%
24, 25 MDK, MKOI Support Alvaro
42%
24, 25 FLY Support Busio
42%
23, 25 NRG, 100T Top Dhokla
42%
15, 16, 17, 18, 19, 20 CLG, TSM, TL Bot Doublelift
42%
25 CFO Top Driver
42%
19 FPX Top GimGoon
42%
20, 21, 22 RGE Mid Larssen
42%
17, 18, 19, 21, 22 RNG Support Ming
42%
14 LMQ Support Mor
42%
15, 16, 18 KOO, ROX, KT Top Smeb
42%
23, 24 TL Mid APA
39%
21, 23 MAD Bot Carzzy
39%
14, 15, 16, 17, 18 EDG Jungle ClearLove
39%
15 SKT Mid Easyhoon
39%
21, 22, 23, 25 100T, NRG Bot FBI
39%
15 FNC Mid Febiven
39%
21, 22, 23, 24 RNG, LNG Bot GALA
39%
22, 25 JDG, AL Bot Hope
39%
15, 16, 17, 18, 19, 20, 25 FW, RNG, TES, PSG Jungle Karsa
39%
24 DK Jungle Lucid
39%
22 RGE Jungle Malrang
39%
24, 25 MDK, MKOI Top Myrwn
39%
19, 21, 23 C9, FNC, MAD Mid Nisqy
39%
15, 16, 21, 22 H2K, RGE Top Odoamne
39%
13, 15, 16, 17 NJBS, KOO, ROX, LZ Bot PraY
39%
19, 22, 25 JT, CFO Top Rest
39%
25 AL Mid Shanks
39%
19 GRF Top Sword
39%
15, 16, 17, 21, 22, 23 OG, G2, C9 Bot, Support Zven
39%
14, 15, 16, 17, 20 TSM Mid Bjergsen
36%
23 BDS Bot Crownie
36%
14, 15, 16, 17 NJWS, KOO, ROX, LZ Support GorillA
36%
23, 24, 25 LNG, TES Support Hang
36%
24, 25 PSG, CFO Jungle JunJia
36%
25 AL Support Kael
36%
24, 25 FLY Bot Massu
36%
23 BDS Mid nuc
36%
13, 14, 15, 17, 18 FNC, OG Top sOAZ
36%
21, 22, 23, 25 RGE, FNC, VKS Support Trymbi
36%
17, 18, 24, 25 FW, PSG Bot Betty
33%
24, 25 TES Mid Creme
33%
16, 17, 18 SSG, GEN Top CuVee
33%
22 G2 Bot Flakked
33%
15, 16, 17, 18, 19, 20, 21, 22 C9, TL Mid Jensen
33%
22 DRX Jungle Juhan
33%
15, 16, 18 KOO, ROX, AF Mid Kuro
33%
21, 23, 24 LNG, WBG Bot Light
33%
21, 25 PSG, 100T Jungle River
33%
23 BDS Jungle Sheo
33%
19, 21, 22 CG, C9, EG Support Vulcan
33%
23, 24 WBG, LNG Jungle Weiwei
33%
20, 22, 23 JDG, BLG Mid Yagao
33%
23, 24 LNG Top Zika
33%
22, 23 C9 Bot Berserker
31%
17, 18, 19, 20 FNC, TL Jungle Broxah
31%
19, 20, 21 SKT, GEN Jungle Clid
31%
13, 14 SSO, SSW Jungle DanDy
31%
16 H2K Bot FORG1VEN
31%
14 ALL Mid Froggen
31%
20 SN Bot huanfeng
31%
17, 19, 20, 21, 25 HKA, PSG, CFO Support Kaiwing
31%
22, 23 DK Support Kellin
31%
20, 22 LGD, TES Support Mark
31%
22, 23 JDG Support Missing
31%
21 HLE Top Morgan
31%
19, 20 FNC Mid Nemesis
31%
23, 24 FNC Bot Noah
31%
14, 15, 16 SSW, EDG Mid PawN
31%
15, 16, 18 H2K, 100T Mid Ryu
31%
20 FNC Jungle Selfmade
31%
16, 17 G2 Jungle Trick
31%
15, 16, 17 ahq Bot AN
28%
21 MAD Top Armut
28%
18, 19, 21, 22, 23 C9 Jungle Blaber
28%
16, 17 SKT Jungle Blank
28%
21 DFM Top Evi
28%
21 MAD Support Kaiser
28%
18 VIT Jungle Kikis
28%
16, 17, 18 RNG Jungle Mlxg
28%
17, 20 MSF, FLY Mid PowerOfEvil
28%
14, 16, 17, 18, 19 SK, TSM, C9 Jungle Svenskeren
28%
21 LNG Top Ale
25%
22, 24 RNG, WBG Top Breathe
25%
22 RGE Bot Comp
25%
20 RGE Top Finn
25%
17, 18 SSG, GEN Jungle Haru
25%
16, 21, 22 CLG, 100T Mid, Support Huhi
25%
20, 21 GEN Support Life
25%
13, 14, 16 SSO, SSW, RNG Top Looper
25%
13, 15, 16, 17 LD, OG, G2 Support Mithy
25%
15 FNC Jungle Reignover
25%
13, 14, 15, 16, 17, 18, 19 C9 Bot Sneaky
25%
13, 15, 16, 17, 18, 20 GAB, FW, SN Support SwordArt
25%
24 TL Jungle UmTi
25%
22 TES Top Wayward
25%
21 DFM Bot Yutapon
25%
17, 21 MSF, TL Top Alphari
22%
15, 16, 18 CLG, 100T Support aphromoo
22%
19 SKT Support Effort
22%
24 MDK Mid Fresskowy
22%
21, 22, 23 C9 Top Fudge
22%
15, 17 H2K, G2 Bot Hjarnan
22%
17, 20, 23 MSF, FLY, NRG Support IgNar
22%
18 VIT Mid Jiizuke
22%
22, 23, 24 GAM Mid, Top Kiaya
22%
23 NRG Mid Palafox
22%
17, 20, 21 LZ, GEN Top Rascal
22%
20 SN Jungle SofM
22%
13 RYL Support Tabe
22%
18 G2 Support Wadid
22%
24, 25 PSG Support Woody
22%
23, 24 TL Bot Yeon
22%
21, 22 100T Mid Abbedagge
19%
18 VIT Bot Attila
19%
24, 25 PSG Top Azhi
19%
18 VIT Top Cabochard
19%
17, 23 C9, NRG Jungle Contractz
19%
21 RNG Mid Cryin
19%
16, 17 G2 Top Expect
19%
25 VKS Mid Mireu
19%
24 DK Support Moham
19%
19 SPY Support Norskeren
19%
15, 18, 21, 22 KT, 100T Top Ssumday
19%
21 HLE Support Vsta
19%
21 HLE Jungle Willer
19%
17, 20 WE, LGD Mid xiye
19%
20 JDG Top Zoom
19%
15 IG Top Zz1tai
19%
19 ahq Jungle Alex
17%
20 SN Mid Angel
17%
14 TPA Bot Bebe
17%
16, 17, 20 TSM Support Biofrost
17%
21, 22 100T Jungle Closer
17%
13, 14 FNC Jungle Cyanide
17%
13 GMB Jungle Diamondprox
17%
19 JT Jungle Hana
17%
18 VIT Support Jactroll
17%
16, 19 SPY Bot Kobbe
17%
20 JDG Support LvMao
17%
17 MSF Jungle Maxlore
17%
17 WE Bot Mystic
17%
19 DWG Bot Nuclear
17%
13, 14 OMG Bot san
17%
23 TL Top Summit
17%
18 KT Mid Ucal
17%
16, 20 H2K, RGE Support Vander
17%
13, 14, 15, 20 TSM, FLY Bot WildTurtle
17%
13, 15, 16, 17, 18, 19 VUL, CLG, IMT, TL Jungle Xmithie
17%
13 GMB Mid Alex Ich
14%
14, 15 TSM, OG Jungle Amazing
14%
21 DFM Mid Aria
14%
23 C9 Mid EMENES
14%
18, 20, 21 FW, PSG Top Hanabi
14%
15 KOO Jungle Hojin
14%
17, 18 EDG Bot iBoy
14%
21 LNG Mid icon
14%
14 SHR Jungle inSec
14%
15 IG Jungle KaKAO
14%
20 JDG Bot LokeN
14%
15, 20, 21 TSM, FLY, TL Jungle Santorin
14%
20 TSM Jungle Spica
14%
13, 15 GAB, FW Top Steak
14%
19 SPY Top Vizicsacsi
14%
14, 15, 16, 17 ahq Mid westdoor
14%
14, 17 SHR, WE Support Zero
14%
17 WE Top 957
11%
14, 15 SSB, LGD Top Acorn
11%
20 UOL Jungle AHaHaCiK
11%
13, 14, 15 C9 Top Balls
11%
22 GAM Support Bie
11%
23 MAD Top Chasy
11%
16, 17 ahq Mid Chawy
11%
14 SHR Top Cola
11%
17 WE Jungle Condi
11%
13, 14 OMG Mid Cool
11%
13, 14 SSO, SSB Mid Dade
11%
25 TSW Mid Dire
11%
13, 14, 15 TSM Top Dyrus
11%
24 GAM Mid Emo
11%
19 JT Mid FoFo
11%
13, 14, 15 C9 Mid, Jungle Hai
11%
22 EG Bot Kaori
11%
15 H2K Support kaSing
11%
18, 19, 20, 22 GRX, JT, MCK, CFO Support Koala
11%
14, 15, 16 EDG Top Koro1
11%
19, 20 RNG, LGD Top Langx
11%
17, 18 RNG Top Letme
11%
18, 19 C9 Top Licorice
11%
16, 17 EDG Top Mouse
11%
18 AF Jungle Mowgli
11%
13, 15, 16 GAB, FW Bot NL
11%
15, 17, 18 CLG, IMT, TL Mid Pobelter
11%
18 EDG Top Ray
11%
13 TSM Mid Reginald
11%
14, 18 SSB, AF Jungle Spirit
11%
21 DFM Jungle Steal
11%
24 PAIN Bot Titan
11%
18 AF Support TusiN
11%
19 SPY Jungle Xerxe
11%
18, 19 C9 Support Zeyzal
11%
15, 16, 17, 19 ahq Top Ziv
11%
15, 16 EDG, IM Top AmazingJ
8%
25 VKS Top Boal
8%
18 GRX Mid Candy
8%
17, 19 IMT, CG Bot Cody Sun
8%
25 VKS Jungle Disamis
8%
24 GAM Bot EasyLove
8%
20 UOL Bot Gadget
8%
14 SK Jungle Gilius
8%
13 RYL, LMQ Top Godlike
8%
15 LGD Mid GodV
8%
13, 14 OMG Top Gogoing
8%
25 TSW Top Hiro02
8%
21 LNG Support Iwandy
8%
14, 17 SK, FNC Mid, Support Jesiz
8%
15 IG Bot Kid
8%
15, 18, 20 FW, AF, LGD Bot Kramer
8%
13, 14, 15 C9 Support LemonNation
8%
19 IG Jungle Leyan
8%
13, 14, 16 C9 Jungle Meteos
8%
19, 20, 22 HKA, MCK, CFO Mid Mission
8%
16, 17 FW Top MMD
8%
25 VKS Bot Morttheus
8%
13, 15 NJBS, KT Mid Nagne
8%
13 LD Mid Nukeduck
8%
14 ALL Support Nyph
8%
15, 18 KT Jungle Score
8%
16 SPY Mid Sencux
8%
16, 17 C9 Support Smoothie
8%
16 CLG Bot Stixxay
8%
19, 20, 21 HKA, PSG Bot Unified
8%
13 RYL Mid Wh1t3zZ
8%
14 ALL Top Wickd
8%
20 TES Support yuyanjia
8%
15, 16, 17 ahq Support Albis
6%
15 KT Bot Arrow
6%
15 PAIN Bot brTT
6%
14 SK Bot CandyPanda
6%
14 SHR Mid corn
6%
13 GMB Top Darien
6%
25 TSW Bot Eddie
6%
25 100T Support Elya
6%
15, 17 LGD, IMT Top Flame
6%
14 EDG Support Fzzf
6%
20, 22 MCK, CFO Jungle Gemini
6%
14 NJWS Mid Ggoong
6%
18 EDG Jungle Haro
6%
14 SSB Support Heart
6%
25 TSW Jungle Hizto
6%
16 ANX Mid Kira
6%
18 MAD* Jungle Kongyue
6%
13, 14 OMG Jungle LoveLing
6%
14, 15 TSM Support Lustboy
6%
18 FW Jungle Moojin
6%
14 TPA Mid Morning
6%
14 SK Support nRated
6%
17, 18 IMT, TL Support Olleh
6%
13 FNC Bot Puszu
6%
16 ANX Jungle PvPStejos
6%
15 LGD Support pyl
6%
14 ALL Jungle Shook
6%
22 GAM Bot Sty1e
6%
20, 21 TL Bot Tactical
6%
13 TSM Jungle TheOddOne
6%
14 KBM Mid Tinowns
6%
14 LMQ Bot Vasilii
6%
13, 14 NJBS, NJWS Jungle Watch
6%
14 NJWS Bot Zefa
6%
19 HKA Top 3Z
3%
16 ANX Bot aMiracle
3%
19 ahq Mid Apex
3%
17 GAM Top Archie
3%
16 IM Mid, Support Athena
3%
16 IM Jungle Avoidless
3%
13 Vul Support BloodWater
3%
20 UOL Top BOSS
3%
18 MAD* Bot Breeze
3%
20 MCK Bot Bruce
3%
13 NJBS Support Cain
3%
24 PAIN Jungle CarioK
3%
14 OMG Support Cloud
3%
17, 19 FB, HKA Jungle Crash
3%
15, 16 CLG Top Darshan
3%
13 LD Jungle dexter
3%
15 PAIN Support Dioud
3%
24 PAIN Mid dyNquedo
3%
24 GAM Support Elio
3%
14 SK Top fredy122
3%
17 FB Mid Frozen
3%
15 BKT Mid G4
3%
13 GMB Bot Genja
3%
16, 17 TSM Top Hauntzer
3%
14 DP Bot HolyPhoenix
3%
22, 23 GAM Mid Kati
3%
15 IG Support Kitties
3%
24 PAIN Support Kuri
3%
14 KBM Top LEP
3%
18 MAD* Top Liang
3%
16 ANX Support Likkrit
3%
15 H2K Jungle loulex
3%
13 RYL Jungle Lucky
3%
13 VUL Mid mancloud
3%
15, 16, 17 ahq Jungle Mountain
3%
14 EDG Bot NaMei
3%
20 UOL Mid Nomanz
3%
14 LMQ Jungle NoName
3%
17 GAM Mid Optimus
3%
15 KT Support Piccaboo
3%
18, 20 GRX, MCK Top PK
3%
13 OMG Support pomelo
3%
19 ahq Mid Rainbow
3%
16 IM Support Road
3%
20 UOL Support SaNTaS
3%
14 NJWS Top Save
3%
22 CFO Bot Shunn
3%
19 GAM Support Slay
3%
16 ANX Top Smurf
3%
13, 14 LD, ALL Bot Tabzz
3%
25 TSW Support Taki
3%
15 LGD Jungle tbq
3%
15 IG Bot Time
3%
16 SPY Jungle Trashy
3%
13 GMB Support Voidle
3%
13, 14 GAB, TPA Jungle Winds
3%
24 PAIN Top Wizer
3%
16 SSG Support Wraith
3%
14 LMQ Mid XiaoWeiXiao
3%
13 TSM Support Xpecial
3%
19 ahq Support Ysera
3%
18, 19 PVB, GAM Top Zeros
3%
19 GAM Bot Zin
3%
13 LD Top zorozero
3%
13 VUL Bot Zuna
3%
15 BKT Jungle 007x
0%
14 TPA Top Achie
0%
18 100T Jungle AnDa
0%
16 IM Mid BaeMe
0%
13 VUL Top Benny
0%
18 MAD* Jungle Benny
0%
18 PVB Bot BigKoro
0%
14 DP Jungle Crystal
0%
13, 14 OMG Support Da7
0%
19 CG Mid Damonte
0%
14 KBM Jungle Danagorn
0%
14 KBM Support dans
0%
19 C9 Bot Deftly
0%
18 GRX Jungle Empt2y
0%
13 NJBS Top Expession
0%
14 DP Top fabFabulous
0%
21 DFM Support Gaeng
0%
14 ahq Bot GarnetDevil
0%
14 ahq Support GreenTea
0%
19 GAM Support Hieu3
0%
17 FB Support Japone
0%
14 TPA Support Jay
0%
16 IM Bot Jinjiao
0%
16 ITZ Support Jockster
0%
15 PAIN Mid Kami
0%
19 JT Bot Lilv
0%
19 CG Jungle Lira
0%
15 BKT Bot Lloyd
0%
18 PVB Jungle Meliodas
0%
16 ITZ Bot micaO
0%
14 KBM Bot Minerva
0%
15 BKT Support Moss
0%
15 PAIN Top Mylon
0%
14 DP Mid Naru
0%
18 PVB Mid Naul
0%
14 ahq Jungle Naz
0%
17 GAM Support Nevan
0%
17 GAM Bot Noway
0%
17 FB Bot padden
0%
18, 23 PVB, GAM Support Palette
0%
14 ahq Top Prydz
0%
16 ITZ Jungle Revolta
0%
18 100T Bot Rikara
0%
15 PAIN Jungle SirT
0%
23 GAM Bot Slayder
0%
20 FLY Top Solo
0%
18 GRX Bot Stitch
0%
17 GAM Support Sya
0%
17 FB Top Thaldrin
0%
16 ITZ Mid tockers
0%
14 DP Support Touch
0%
18 MAD* Mid Uniboy
0%
19 ahq Bot Wako
0%
15 BKT Top WarL0cK
0%
18 PVB Jungle XuHao
0%
No matching quizzes found
Score Distribution
Percent of People with Each Score
Percentile by Number Answered
Your Score History
You have not taken this quiz